Corporate social responsibility: a development trend in the enterprise marketing
Spoločenská zodpovednosť firiem, vývoj. Spoločenská zodpovednosť firiem ako marketingový nástroj.
Na minha lista:
| Autor principal: | |
|---|---|
| Formato: | Capítulo de Livro |
| Idioma: | inglês |
| Assuntos: | |
| Tags: |
Sem tags, seja o primeiro a adicionar uma tag!
|
MARC
| LEADER | 00000nla$a2200000$$$4500 | ||
|---|---|---|---|
| 001 | 0112516 | ||
| 005 | 20240502072241.1 | ||
| 041 | 0 | |a eng | |
| 044 | |a SK | ||
| 245 | 1 | 0 | |a Corporate social responsibility: a development trend in the enterprise marketing |c Katarína Chomová |
| 520 | |a Spoločenská zodpovednosť firiem, vývoj. Spoločenská zodpovednosť firiem ako marketingový nástroj. | ||
| 610 | 2 | 0 | |a firmy |
| 610 | 2 | 0 | |a zodpovednosť spoločenská |
| 610 | 2 | 0 | |a nástroje marketingové |
| 100 | 1 | |a Chomová, Katarína, 1983- | |